| 000 | 00965nam a22001697a 4500 | ||
|---|---|---|---|
| 008 | 151006b xxu||||| |||| 00| 0 eng d | ||
| 020 | _a9780070165625 | ||
| 050 | _bRC630.C68 | ||
| 100 | _aCouser, Geoffrey | ||
| 245 |
_aClinical cases in fluid and electrolyte balance: an acute care approach. / _cGeoffrey Couser and Justin T. Walls |
||
| 260 |
_aSydney: _bMcGraw Hill, _cc2009. |
||
| 300 |
_axii,, 176p. _bill; _c21cm. |
||
| 500 | _aIncludes index | ||
| 505 | _aContents: Julia was feeling woozy -- Ailsa was feeling the heat -- Jack couldn't stop vomiting -- Grace isn't herself; she looks sick -- My Husband's got terrible pain in his belly and now he's collapsed I need an ambulance now -- John was hit hard by the flu -- Mr Wallis couldn't breathe -- Mark had a pain in his belly that wouldn't go away -- Jane just couldn't breathe -- No one knows who he is and why he's so unwell -- Appendix: map of cases. | ||
| 700 | _aWalls, Justin T. | ||
| 942 |
_2lcc _cBK |
||
| 999 |
_c5774 _d13274 |
||